Protižidovské zákonodarstvo na Slovensku a v Európe zborník z medzinárodnej vedeckej konferencie : Bratislava 8.-9. septembra 2011

Bibliographic Details
Corporate Author: Protižidovské zákonodarstvo na Slovensku a v Európe (Author)
Other Authors: Fiamová, Martina, 1977- (Compiler)
Format: Conference Proceeding Book
Language:Slovak
PhysicalDescription:412 s. mp. 21 cm
Published: Bratislava Ústav pamäti národa 2014
ISBN:9788089335510 (brož.)
Edition:1. vyd.
Subjects:

MARC

LEADER 00000cam a2200000 a 4500
001 vtls010634729
003 SK-MaSNL
005 20260426012516.0
008 160429s2011 xo b f n 100 0dslo
015 |a SNBA2014/11 
020 |a 9788089335510 (brož.) 
035 |a 93BFD98F-E80E-4EC8-AC5A-2AC2F6A4BE5B 
035 |a urn:nbn:sk:snk-amjp0w 
035 |a urn:nbn:sk:snk-am002gls 
040 |a SNK  |b slo  |c SNK  |e AACR2 
041 0 |a slo 
043 |a e------  |a xo----- 
044 |a xo  |c SK 
072 7 |a 323  |x Vnútropolitický vývoj, politický život  |2 konspekt 
080 |a 94(437.6)"1939/1945"  |2 2001 
080 |a 94(4)"1939/1945"  |2 2001 
080 |a (062.534)  |2 2001 
080 |a 323.12 (=411.16)"1939/1945"  |2 2001 
080 |a 342.537.3/.5:323.12 (411.16)  |2 2001 
245 0 0 |a Protižidovské zákonodarstvo na Slovensku a v Európe  |b zborník z medzinárodnej vedeckej konferencie : Bratislava 8.-9. septembra 2011  |c zostavila Martina Fiamová 
250 |a 1. vyd. 
260 |a Bratislava  |b Ústav pamäti národa  |c 2014 
300 |a 412 s.  |b mp.  |c 21 cm 
504 |a Bibliogr. odkazy ; pozn. 
630 0 7 |a Židovský kódex  |2 SNKPH  |9 550558 
630 0 7 |a zákonodarstvo  |2 SNKPH  |9 705873 
650 0 7 |a antisemitizmus  |2 SNKPH  |9 4246 
650 0 7 |a Antisemitism  |2 SNKPHeng  |9 275559 
650 0 7 |a Legislation  |2 SNKPHeng  |9 268421 
651 7 |a Slovensko  |2 SNKPH  |9 14231 
651 7 |a Európa  |2 SNKPH  |9 167569 
651 7 |a Slovakia  |2 SNKPHeng  |9 92630 
651 7 |a Europe  |2 SNKPHeng  |9 56249 
655 7 |a zborníky konferencií  |2 SNKPH  |9 70153 
655 7 |a Proceedings of conferences  |2 SNKPHeng  |9 265791 
700 1 |a Fiamová, Martina,  |d 1977-  |4 com  |9 117586 
711 2 |a Protižidovské zákonodarstvo na Slovensku a v Európe  |d (2011 :  |c Bratislava, Slovensko)  |4 aut  |9 705874 
919 |a 978-80-89335-51-0 
999 |c 1098693  |d 1100623 
952 |a SNK  |b SNK  |y PREZ  |7 0  |p 17A1120135  |o snkSC 161772  |i snk2014/25247  |8 0  |0 0  |1 0  |4 0  |d 2014-11-14  |f 1  |l 0  |r 2025-08-25 00:00:00  |w 2026-02-24 
952 |a SNK  |b SNK  |y VYP  |7 0  |p 17A1120136  |o snkSC 161772 D1  |i snk2014/25250  |8 0  |0 0  |1 0  |4 0  |d 2014-11-14  |l 0  |r 2026-02-24 17:22:12  |w 2026-02-24